[Event "Penang op-A 9th"]
[Site "Penang"]
[Date "2017.12.08"]
[Round "7"]
[White "Ho, Xinglun Royce"]
[Black "Leong, Sher Hern"]
[Result "0-1"]
[WhiteElo "1661"]
[BlackElo "1876"]
[PlyCount "57"]
[EventDate "2017.12.04"]
[EventType "swiss"]
[EventRounds "9"]
[EventCountry "MAS"]
[SourceTitle "CBM 182 Extra"]
[Source "ChessBase"]
[SourceDate "2018.02.23"]
[SourceVersion "1"]
[SourceVersionDate "2018.02.23"]
[SourceQuality "1"]

1. e4 e5 2. Nf3 Nc6 3. Bc4 Bc5 4. c3 Nf6 5. d3 d6 6. 0-0 Be6 7. Bb3 0-0 8. Nbd2 Kh8 9. h3 Bb6 10. Re1 Nd7 11. Nf1 Bxb3 12. axb3 f5 13. exf5 Rxf5 14. Ng3 Rf8 15. Bg5 Qe8 16. h4 Qe6 17. d4 Qf7 18. Be3 exd4 19. cxd4 h6 20. h5 Qf6 21. Qd2 Kg8 22. Nh2 Qf7 23. Ng4 Nf6 24. Nxf6+ Qxf6 25. Ne2 Qf7 26. Ng3 Qxb3 27. Rac1 Ba5 28. Rc3 Bxc3 29. bxc3 0-1

[Event "Penang op-A 9th"]
[Site "Penang"]
[Date "2017.12.05"]
[Round "2"]
[White "Leong, Sher Hern"]
[Black "Loo, Hsien Rong Evan"]
[Result "0-1"]
[WhiteElo "1876"]
[BlackElo "1565"]
[PlyCount "140"]
[EventDate "2017.12.04"]
[EventType "swiss"]
[EventRounds "9"]
[EventCountry "MAS"]
[SourceTitle "CBM 182 Extra"]
[Source "ChessBase"]
[SourceDate "2018.02.23"]
[SourceVersion "1"]
[SourceVersionDate "2018.02.23"]
[SourceQuality "1"]

1. e4 e6 2. d4 d5 3. Nc3 Nf6 4. Bg5 Be7 5. e5 Nfd7 6. Bxe7 Qxe7 7. f4 0-0 8. Nf3 c5 9. Nb5 Nc6 10. Nd6 f6 11. c3 Nd8 12. Bb5 fxe5 13. fxe5 cxd4 14. Qxd4 Nf7 15. Nxf7 Rxf7 16. 0-0 a6 17. Bxd7 Bxd7 18. a4 Raf8 19. Qb6 Bc6 20. b4 Qd7 21. Qa5 Rf5 22. Rfe1 Qe8 23. b5 axb5 24. axb5 Bxb5 25. Nd4 Rf2 26. Qb6 Rb2 27. Rab1 Rxb1 28. Rxb1 Bc6 29. Qc7 Qg6 30. Ra1 h6 31. h3 Qf7 32. Qd6 Qd7 33. Nxe6 Qxd6 34. exd6 Re8 35. Nc5 Rd8 36. Rb1 b5 37. d7 Kf7 38. Kf2 Ke7 39. Re1+ Kd6 40. Ne6 Rxd7 41. Nd4 Rf7+ 42. Kg3 Bd7 43. Nb3 g5 44. Ra1 Rf6 45. Ra6+ Ke7 46. Ra3 Rc6 47. Nd4 Rc4 48. Rb3 b4 49. Rxb4 Rxc3+ 50. Kf2 Rc4 51. Rxc4 dxc4 52. Ke3 Kd6 53. g4 Ke5 54. Ne2 Bc6 55. Ng3 Bd7 56. Ne4 Bb5 57. Ng3 Bd7 58. Ne4 Be8 59. Nd2 Bf7 60. Ne4 Bg6 61. Nd2 Kd5 62. Nf3 Be4 63. Nd4 Bh7 64. Nf3 c3 65. h4 Be4 66. hxg5 Bxf3 67. gxh6 Be4 68. g5 c2 69. Kd2 Ke5 70. Kc1 Kf4 0-1

[Event "Penang op 8th"]
[Site "Penang"]
[Date "2016.12.09"]
[Round "8"]
[White "Eng, Jia Qian"]
[Black "Leong, Sher Hern"]
[Result "1-0"]
[WhiteElo "1583"]
[BlackElo "1739"]
[PlyCount "49"]
[EventDate "2016.12.05"]
[EventType "swiss"]
[EventRounds "9"]
[EventCountry "MAS"]
[SourceTitle "CBM 176 Extra"]
[Source "ChessBase"]
[SourceDate "2017.03.02"]
[SourceVersion "1"]
[SourceVersionDate "2017.03.02"]
[SourceQuality "1"]

1. d4 Nf6 2. c4 e6 3. g3 Bb4+ 4. Bd2 Qe7 5. Nf3 b6 6. Bg2 Bb7 7. 0-0 Bxd2 8. Nbxd2 0-0 9. Qc2 d5 10. Ne5 Nbd7 11. Rac1 c6 12. e4 Nxe4 13. Nxe4 dxe4 14. Bxe4 Nxe5 15. dxe5 h6 16. c5 Qc7 17. Qc3 f6 18. exf6 Rxf6 19. Rcd1 bxc5 20. Qxc5 Qb6 21. Qe7 Raf8 22. Rd7 R8f7 23. Rd8+ Rf8 24. Rxf8+ Rxf8 25. Qxe6+ 1-0

[Event "Penang op 8th"]
[Site "Penang"]
[Date "2016.12.07"]
[Round "4"]
[White "Lim, Zhuo Ren"]
[Black "Leong, Sher Hern"]
[Result "1-0"]
[WhiteElo "2276"]
[BlackElo "1739"]
[PlyCount "93"]
[EventDate "2016.12.05"]
[EventType "swiss"]
[EventRounds "9"]
[EventCountry "MAS"]
[SourceTitle "CBM 176 Extra"]
[Source "ChessBase"]
[SourceDate "2017.03.02"]
[SourceVersion "1"]
[SourceVersionDate "2017.03.02"]
[SourceQuality "1"]

1. d4 Nf6 2. c4 e6 3. g3 d5 4. Bg2 Bd7 5. Nf3 Bc6 6. Ne5 Bd6 7. Nxc6 Nxc6 8. 0-0 0-0 9. Nc3 Bb4 10. cxd5 Nxd5 11. Qd3 Nce7 12. e4 Nb6 13. Rd1 Ng6 14. Be3 Qe7 15. a3 Bxc3 16. Qxc3 Rfd8 17. Rac1 Rac8 18. Qa5 Ra8 19. Rc2 c6 20. Rdc1 Qc7 21. b4 Ne7 22. b5 Nbd5 23. Qxc7 Nxc7 24. a4 Rac8 25. bxc6 Nxc6 26. Rb2 Rb8 27. Bf4 e5 28. Bxe5 Nxe5 29. dxe5 Ne6 30. Rb4 Rd7 31. Bh3 Rd4 32. Rcc4 Rxc4 33. Rxc4 b5 34. axb5 Rxb5 35. Rc8+ Nf8 36. f4 g6 37. e6 fxe6 38. Bxe6+ Kg7 39. Rc7+ Kf6 40. Bd5 Ne6 41. e5+ Kf5 42. Rf7+ Kg4 43. Bxe6+ Kf3 44. Bh3 a5 45. Bg2+ Ke3 46. Rxh7 a4 47. Ra7 1-0

[Event "Penang op 7th"]
[Site "Penang"]
[Date "2015.12.11"]
[Round "7"]
[White "Manaog, Stewart"]
[Black "Leong, Sher Hern"]
[Result "1-0"]
[WhiteElo "2090"]
[BlackElo "1550"]
[PlyCount "49"]
[EventDate "2015.12.07"]
[EventType "swiss"]
[EventRounds "9"]
[EventCountry "MAS"]
[SourceTitle "CBM 169 Extra"]
[Source "ChessBase"]
[SourceDate "2015.12.18"]
[SourceVersion "1"]
[SourceVersionDate "2015.12.18"]
[SourceQuality "1"]

1. Nf3 Nf6 2. g3 b6 3. Bg2 Bb7 4. b3 g6 5. Bb2 Bg7 6. c4 c5 7. 0-0 0-0 8. Nc3 Nc6 9. d4 Nxd4 10. Nxd4 Bxg2 11. Kxg2 cxd4 12. Qxd4 d6 13. Rad1 Qc7 14. Rfe1 Qc5 15. Qd2 Ng4 16. e4 Qh5 17. h3 Ne5 18. Qe3 Bh6 19. f4 Nc6 20. Rd5 e5 21. Rxd6 Nd4 22. Nd5 Bg7 23. Bxd4 exd4 24. Qf3 Qxf3+ 25. Kxf3 1-0

[Event "Penang op 7th"]
[Site "Penang"]
[Date "2015.12.08"]
[Round "2"]
[White "Leong, Sher Hern"]
[Black "Tan, Hong Ghee"]
[Result "1-0"]
[WhiteElo "1550"]
[BlackElo "1930"]
[PlyCount "142"]
[EventDate "2015.12.07"]
[EventType "swiss"]
[EventRounds "9"]
[EventCountry "MAS"]
[SourceTitle "CBM 169 Extra"]
[Source "ChessBase"]
[SourceDate "2015.12.18"]
[SourceVersion "1"]
[SourceVersionDate "2015.12.18"]
[SourceQuality "1"]

1. e4 c6 2. d4 d5 3. Nc3 dxe4 4. Nxe4 Bf5 5. Ng3 Bg6 6. Be3 e6 7. Nf3 Nd7 8. Bd3 Ngf6 9. Qe2 Bd6 10. Bg5 Bxd3 11. Qxd3 h6 12. Ne4 Be7 13. Bxf6 Nxf6 14. Nxf6+ Bxf6 15. c3 0-0 16. 0-0 Qc7 17. Rad1 Rad8 18. Qc2 Rd7 19. Rd3 Rfd8 20. Rfd1 Qa5 21. b3 Qf5 22. R3d2 Qxc2 23. Rxc2 c5 24. Rcd2 cxd4 25. Nxd4 g5 26. Kf1 Bxd4 27. Rxd4 Rxd4 28. Rxd4 Rxd4 29. cxd4 Kf8 30. Ke2 Ke7 31. Kf3 f5 32. Ke3 Kd6 33. f3 Kd5 34. a3 f4+ 35. Kd3 b6 36. a4 a6 37. Kc3 Kc6 38. Kc4 b5+ 39. Kc3 a5 40. Kd3 bxa4 41. bxa4 Kd5 42. h3 h5 43. Kc3 Kd6 44. Kd2 Kc6 45. Kc2 Kd5 46. Kd3 Kd6 47. h4 gxh4 48. Ke4 h3 49. gxh3 h4 50. Kxf4 Kd5 51. Ke3 Kc4 52. Ke4 Kb4 53. Ke5 Kxa4 54. Kxe6 Kb3 55. d5 a4 56. d6 a3 57. d7 a2 58. d8Q a1Q 59. Qd3+ Kb4 60. Qe4+ Kb3 61. Qxh4 Qa6+ 62. Kf5 Qc8+ 63. Kg5 Qg8+ 64. Kf4 Qb8+ 65. Kg4 Qc8+ 66. Kg3 Qg8+ 67. Qg4 Qb8+ 68. f4 Qd6 69. h4 Qd2 70. Qf3+ Kb4 71. f5 Kc5 1-0